Research Methodology in Management (Record no. 13)

MARC details
000 -LEADER
fixed length control field 00397nam a22001577a 4500
005 - DATE AND TIME OF LATEST TRANSACTION
control field 20180220160154.0
008 - FIXED-LENGTH DATA ELEMENTS--GENERAL INFORMATION
fixed length control field 160426b xxu||||| |||| 00| 0 eng d
020 ## - INTERNATIONAL STANDARD BOOK NUMBER
ISBN 978-81-8488-926-0
041 ## - LANGUAGE CODE
Language code of text/sound track or separate title eng
082 ## - DEWEY DECIMAL CLASSIFICATION NUMBER
Item number 00075
Classification number 001.42
100 ## - MAIN ENTRY--AUTHOR NAME
Personal name Michael, V.P.
245 ## - TITLE STATEMENT
Title Research Methodology in Management
260 ## - PUBLICATION, DISTRIBUTION, ETC. (IMPRINT)
Place of publication New Delhi
Name of publisher Himalya Publishing House
Year of publication 2010
300 ## - PHYSICAL DESCRIPTION
Number of Pages 338
942 ## - ADDED ENTRY ELEMENTS (KOHA)
Koha item type Books
Holdings
Lost status Damaged status Home library Current library Shelving location Date acquired Cost, normal purchase price Full call number Accession Number Koha item type Collection code
    JRU Library   SHELF -72 - J 26/04/2016 225.00 001.42 00075 Books  
    JRU Library JRU Library   26/04/2016 225.00 001.42 00076 Books MANAGEMENT
    JRU Library JRU Library   26/04/2016 225.00 001.42 00077 Books MANAGEMENT
    JRU Library JRU Library   26/04/2016 225.00 001.42 00078 Books MANAGEMENT
    JRU Library JRU Library   26/04/2016 225.00 001.42 00079 Books MANAGEMENT
    JRU Library JRU Library   26/04/2016 225.00 001.42 00080 Books MANAGEMENT
    JRU Library JRU Library SHELF-15-G 26/04/2016 225.00 001.42 00081 Books AGRICULTURE
    JRU Library JRU Library   26/04/2016 225.00 001.42 00082 Books MANAGEMENT
    JRU Library JRU Library   26/04/2016 225.00 001.42 00083 Books MANAGEMENT
    JRU Library JRU Library   26/04/2016 225.00 001.42 00084 Books MANAGEMENT